The press and society : a book of readings /

Bibliographic Details
Main Author: Bird, George Lloyd, 1900-
Other Authors: Merwin, Frederic Eaton
Format: Book
Language:English
Published: New York : Prentice-Hall, 1951.
Edition:[Rev. ed.].
Series:Prentice-Hall journalism series.
Subjects:

MARC

Tag First Indicator Second Indicator Subfields
LEADER 00000cam a2200000 i 4500
001 in00000058567
005 20151007082353.0
008 791106s1951 xx 00000 eng
010 |a  51011016  
035 |a (OCoLC)05659154 
035 |9 AAF7768AM 
040 |a DLC  |c CCH  |d TXA  |d UtOrBLW 
049 |a TXAM  |c [213987] 
090 |a PN4735  |b .B5 1951 
092 |a 070.1  |b B618p, 1951 
100 1 |a Bird, George Lloyd,  |d 1900- 
245 1 4 |a The press and society :  |b a book of readings /  |c Edited by George L. Bird and Frederic E. Merwin. 
250 |a [Rev. ed.]. 
264 1 |a New York :  |b Prentice-Hall,  |c 1951. 
300 |a xv, 655 pages ;  |c 23 cm. 
336 |a text  |b txt  |2 rdacontent 
337 |a unmediated  |b n  |2 rdamedia 
338 |a volume  |b nc  |2 rdacarrier 
490 1 |a Prentice-Hall journalism series 
500 |a "Originally published in 1942 as The newspaper and society." 
504 |a Includes bibliographies. 
650 0 |a Press. 
650 0 |a Press  |z United States. 
700 1 |a Merwin, Frederic Eaton. 
830 0 |a Prentice-Hall journalism series. 
999 |a MARS 
999 f f |s 3362955b-96f0-35fa-bcc6-55a6fc616ff4  |i 5548c021-abef-3804-8c7f-3db3bd07129e  |t 0 
952 f f |p ric  |a Texas A&M University  |b Rellis Campus  |c Joint Library Facility  |d Remote Storage  |t 0  |e PN4735 .B5 1951  |h Library of Congress classification  |i unmediated -- volume  |m A14800500316 
998 f f |a PN4735 .B5 1951  |t 0  |l Remote Storage